Catálogo

Evaluación neuropsicológica de la memoria/ (Registro nro. 62291)

Detalles MARC
000 -LEADER
fixed length control field 01199nam a2200313 i 4500
001 - CONTROL NUMBER
control field 62291
003 - CONTROL NUMBER IDENTIFIER
control field Mx-PuUPA
005 - DATE AND TIME OF LATEST TRANSACTION
control field 20250424124031.0
008 - FIXED-LENGTH DATA ELEMENTS--GENERAL INFORMATION
fixed length control field 150320s2018 sp gr 001 0 spa d
017 ## - COPYRIGHT OR LEGAL DEPOSIT NUMBER
Copyright or legal deposit number M-5.152-2018
020 ## - INTERNATIONAL STANDARD BOOK NUMBER
International Standard Book Number 9788491711421
040 ## - CATALOGING SOURCE
Transcribing agency Mx-PuUPA
Original cataloging agency Mx-PuUPA
Language of cataloging spa
Modifying agency Mx-PuUPA
Description conventions rda
041 0# - LANGUAGE CODE
Language code of text/sound track or separate title spa
100 1# - MAIN ENTRY--PERSONAL NAME
Personal name Corral Varela, Montserrat,
Relator term autor
9 (RLIN) 16976
245 10 - TITLE STATEMENT
Title Evaluación neuropsicológica de la memoria/
Statement of responsibility, etc. Montserrat Corral Varela ; Fernando Maestú Unturbe, Nuria Paúl Lapedriza, coordinadores
264 #1 - PRODUCTION, PUBLICATION, DISTRIBUTION, MANUFACTURE, AND COPYRIGHT NOTICE
Place of production, publication, distribution, manufacture Madrid, España :
Name of producer, publisher, distributor, manufacturer Editorial Síntesis,
Date of production, publication, distribution, manufacture, or copyright notice [2018?]
300 ## - PHYSICAL DESCRIPTION
Extent 248 páginas ;
Dimensions 22 cm
336 ## - CONTENT TYPE
Content type term texto
Fuente rdacontent
Content type code txt
337 ## - MEDIA TYPE
Media type term sin medio
Source rdamedia
Media type code n
338 ## - CARRIER TYPE
Carrier type term volumen
Source rdacarrier
Carrier type code nc
490 0# - SERIES STATEMENT
Series statement Biblioteca de Neuropsicología ;
-- Guías prácticas de evaluación neuropsicológica ;
Volume/sequential designation 35
650 #7 - SUBJECT ADDED ENTRY--TOPICAL TERM
Source of heading or term armarc
9 (RLIN) 13986
700 1# - ADDED ENTRY--PERSONAL NAME
Personal name Maestú Unturbe, Fernando,
Relator term coordinador
700 1# - ADDED ENTRY--PERSONAL NAME
Personal name Paúl Lapedriza, Nuria
Relator term coordinador
942 ## - ADDED ENTRY ELEMENTS (KOHA)
Source of classification or shelving scheme Dewey Decimal Classification
Koha item type Libro
Classification part 612.823312
Item part C78
Existencias
Withdrawn status Lost status Source of classification or shelving scheme Damaged status Not for loan Collection code Home library Current library Shelving location Date acquired Source of acquisition Cost, normal purchase price Total Checkouts Full call number Barcode Date last seen Cost, replacement price Price effective from Koha item type Copy number
    Dewey Decimal Classification     General Biblioteca Karol Wojtyla Biblioteca Karol Wojtyla Sala general 09/04/2025 25 1520.00   612.823312 C78 2018 105952 05/01/2026 1520.00 09/04/2025 Libro  
    Dewey Decimal Classification     General Biblioteca Karol Wojtyla Biblioteca Karol Wojtyla Sala general 09/04/2025 25 1520.00   612.823312 C78 2018 105953 05/01/2026 1520.00 09/04/2025 Libro Ej.2